000 02759nam a2200481 c 4500
003 BLK
005 20240809123406.0
008 180411b bul|||||r ||||||| ||bul||
010 _aKNG00188732000
020 _a978-954-8365-87-1
_bиздат.: Новата цивилизация
040 _aBLK
041 _aBUL
_cBUL
072 7 _2bullib
_aН02
_xБиблиотечно дело Н
080 _aБиблиотечно дело. Библиотекознание - Теория на библиотечното дело. Общи въпроси на библиотекознанието
_b02
_x:006(497.2)
_z02:006(497.2)
080 _aАрхивистика. Архиви
_b930.25
_x:006(497.2)
_z930.25:006(497.2)
080 _aМашини и устройства за обработка на данни. Вж и 003 ; 007 ; 621.391 ; 65.011.56
_b681.3
_x:006(497.2)
_z681.3:006(497.2)
080 _aСтандартизация и стандарти. Подразделя се със знак за отношение
_b006
_x:061
_z006:061
100 1 _aКръстева, Росица Добрева
_eпърви автор
_9341965
139 _aКръстева, Росица Добрева
_bК 92
245 1 0 _aСтандартизация в библиотечната, архивната и информационната област
_cРосица Добрева Кръстева.
257 _aBGR
260 София
_bНовата цивилизация
_c2015
_fСофия : Алианс Принт
300 _a167 с.
_bс табл., диагр., сх.
_c21 см
380 _a0
500 _aБиблиогр. с. 142-149.
650 4 _aБиблиотечно дело - България - стандартизация и нормализация
_9341967
650 4 _aАрхиви - България - стандартизация и нормализация
_9341968
650 4 _aИнформационни и комуникационни технологии - България - стандартизация и нормализация
_9341969
650 4 _aСтандарти и нормали - учреждения и организации
_9341970
651 4 _aБългария
_9241624
653 _aбиблиотечно дело
653 _aархивно дело
653 _aинформационни технологии
653 _aкомуникационни технологии
653 _aстандартизация
659 _aН
852 _aЦб 281202
856 4 _qpdf
_u
856 4 _qpdf
_u
942 _cKNG
_n0
_01
944 _aCR
_c27.06.2016
_lТеодора Пейчева-Дянкова
_k30556
944 _aED
_c05.05.2017
_lф /
_kЛюдмила_Стоянова
999 _c179914
_d179914